LEADER 01310cam0-2200373---450- 001 990005506790403321 005 20120622165527.0 035 $a000550679 035 $aFED01000550679 035 $a(Aleph)000550679FED01 035 $a000550679 100 $a19990604d1962----km-y0itay50------ba 101 0 $aita 102 $aIT 105 $aaf--b---00-yy 200 1 $a13. Mostra nazionale Premio del fiorino$epittori italiani, scultori italiani e svizzeri$ePalazzo Strozzi, Firenze, 1962$f[catalogo a cura di Lara Vinca Masini] 210 $a[S.l.$cs.n.]$dstampa 1962$eFirenze$gTip. Giuntina 215 $a116 p., [80] p. di tav.$cill.$d19 cm 300 $aIn testa al front.: Unione fiorentina 517 1 $aTredicesima Mostra nazionale Premio del fiorino 610 0 $aArte italiana$aSec. 20.$aEsposizioni$a1962 610 0 $aPremio del fiorino <1961> 676 $a709.45 676 $a707.4 702 1$aMasini,$bLara Vinca 710 12$aMostra nazionale Premio del fiorino,$d13.$f<1962 ;$eFirenze>$0435958 712 02$aUnione fiorentina 801 0$aIT$bUNINA$gRICA$2UNIMARC 901 $aBK 912 $a990005506790403321 952 $a709.45 MOSTRE FIRENZE 1962$bST.ARTE 5784$fFLFBC 959 $aFLFBC 996 $a13. Mostra nazionale Premio del fiorino$9588938 997 $aUNINA LEADER 01233nam0 2200289 i 450 001 SUN0133722 005 20210416121157.456 010 $d0.00 017 70$2N$a978-3-319-09318-5 100 $a20210416d2015 |0engc50 ba 101 $aeng 102 $aCH 105 $a|||| ||||| 200 1 $a*Photorefractive Optoelectronic Tweezers and Their Applications$eDoctoral Thesis accepted by University of Münster, Germany$fMichael Esseling 205 $aCham : Springer, 2015 210 $axi$d125 p.$cill. ; 24 cm 215 $aPubblicazione in formato elettronico 410 1$1001SUN0104193$12001 $a*Springer theses$erecognizing outstanding Ph.D. research$1210 $aBerlin$aHeidelberg$cSpringer. 620 $aCH$dCham$3SUNL001889 700 1$aEsseling$b, Michael$3SUNV107501$0792336 712 $aSpringer$3SUNV000178$4650 801 $aIT$bSOL$c20210426$gRICA 856 4 $uhttp://doi.org/10.1007/978-3-319-09318-5 912 $aSUN0133722 950 $aUFFICIO DI BIBLIOTECA DEL DIPARTIMENTO DI MATEMATICA E FISICA$d08CONS e-book 2412 $e08eMF2412 20210416 996 $aPhotorefractive Optoelectronic Tweezers and Their Applications$91771662 997 $aUNICAMPANIA